[Event "HUN-chT U18"]
[Site "Budapest"]
[Date "2019.10.27"]
[Round "2.2"]
[White "Kozsik, Bende Barnabas"]
[Black "Vanczak, Tamas"]
[Result "0-1"]
[WhiteElo "1943"]
[BlackElo "2327"]
[PlyCount "48"]
[EventDate "2019.10.26"]
[EventType "team-swiss"]
[EventRounds "7"]
[EventCountry "HUN"]
[SourceTitle "CBM 192 Extra"]
[Source "Chessbase"]
[SourceDate "2019.11.06"]
[SourceVersion "1"]
[SourceVersionDate "2019.11.06"]
[SourceQuality "1"]
[WhiteTeam "Barcza Gedeon"]
[BlackTeam "Miskolc Kisbocsok"]
[WhiteTeamCountry "HUN"]
[BlackTeamCountry "HUN"]

1. Nf3 Nf6 2. g3 d6 3. Bg2 e5 4. d4 Nbd7 5. c4 Be7 6. Nc3 0-0 7. 0-0 c6 8. b3 Re8 9. Re1 e4 10. Nd2 d5 11. e3 Nf8 12. f3 exf3 13. Bxf3 Ne6 14. Bb2 Ng5 15. Bg2 Bg4 16. Qc2 Qd7 17. Rf1 Bh3 18. Nf3 Bxg2 19. Ne5 Bf3 20. Nxf3 Ng4 21. Rae1 Bf6 22. Bc1 Nxf3+ 23. Rxf3 Bxd4 24. h3 Ne5 0-1

[Event "Budapest Karacsonyi op"]
[Site "Budapest"]
[Date "2017.12.28"]
[Round "2"]
[White "Kormos, Adam"]
[Black "Kozsik, Bende Barnabas"]
[Result "1-0"]
[WhiteElo "2193"]
[BlackElo "1960"]
[PlyCount "51"]
[EventDate "2017.12.27"]
[EventType "swiss"]
[EventRounds "7"]
[EventCountry "HUN"]
[SourceTitle "CBM 182 Extra"]
[Source "ChessBase"]
[SourceDate "2018.02.23"]
[SourceVersion "1"]
[SourceVersionDate "2018.02.23"]
[SourceQuality "1"]

1. e4 c5 2. Nf3 Nc6 3. d4 cxd4 4. Nxd4 g6 5. Nc3 Bg7 6. Be3 Nf6 7. Nxc6 bxc6 8. e5 Ng8 9. f4 h5 10. Qf3 Nh6 11. Bd3 0-0 12. h3 d5 13. 0-0-0 Qa5 14. g4 hxg4 15. hxg4 Bxg4 16. Qg3 Bxd1 17. f5 Ng4 18. fxg6 f5 19. Qh4 Nf6 20. Bxf5 Rfb8 21. exf6 exf6 22. Qh7+ Kf8 23. Bh6 Qc7 24. Qh8+ Ke7 25. Qxg7+ Kd6 26. Bf4+ 1-0

[Event "HUN-chT U18"]
[Site "Hajduboszormeny"]
[Date "2016.11.04"]
[Round "5.42"]
[White "Dan, Anna"]
[Black "Kozsik, Bende Barnabas"]
[Result "0-1"]
[WhiteElo "1403"]
[BlackElo "1752"]
[PlyCount "46"]
[EventDate "2016.11.02"]
[EventType "team-swiss"]
[EventRounds "8"]
[EventCountry "HUN"]
[SourceTitle "CBM 175 Extra"]
[Source "ChessBase"]
[SourceDate "2016.12.12"]
[SourceVersion "1"]
[SourceVersionDate "2016.12.12"]
[SourceQuality "1"]

1. Nf3 Nf6 2. g3 g6 3. Bg2 Bg7 4. 0-0 0-0 5. c4 d5 6. cxd5 Nxd5 7. Nc3 c5 8. Qb3 Nc7 9. d3 Nc6 10. Be3 b6 11. Rfd1 Rb8 12. Rac1 Bb7 13. Bf4 e5 14. Bg5 Qd7 15. Ne4 Ne6 16. Bf6 Ncd4 17. Bxg7 Kxg7 18. Qa3 Nxe2+ 19. Kh1 Nxc1 20. Rxc1 f5 21. Ned2 e4 22. dxe4 fxe4 23. Ne5 Qxd2 0-1

[Event "EU-ch U10 25th"]
[Site "Porec"]
[Date "2015.09.28"]
[Round "7"]
[White "Kozsik, Bende Barnabas"]
[Black "Labanauskas, Dovydas"]
[Result "0-1"]
[WhiteElo "1736"]
[BlackElo "1553"]
[PlyCount "70"]
[EventDate "2015.09.21"]
[EventType "swiss"]
[EventRounds "9"]
[EventCountry "CRO"]
[SourceTitle "EXT 2016"]
[Source "ChessBase"]
[SourceDate "2015.10.08"]
[SourceVersion "1"]
[SourceVersionDate "2015.10.08"]
[SourceQuality "1"]

1. e4 d5 2. exd5 Nf6 3. c4 c6 4. d4 cxd5 5. Nc3 e6 6. c5 Nc6 7. Nf3 b6 8. b4 a6 9. Na4 bxc5 10. bxc5 Nd7 11. Rb1 Be7 12. Nb6 Rb8 13. Bf4 e5 14. Nxd7 Rxb1 15. Qxb1 exf4 16. Nde5 Qa5+ 17. Ke2 Nxe5 18. Nxe5 0-0 19. Nc6 Qc7 20. Nxe7+ Qxe7+ 21. Kd2 Qf6 22. Qb2 f3 23. g3 Re8 24. h4 Re4 25. Bd3 Rxd4 26. Qb8 Qf5 27. Qb3 g6 28. Kc2 Qe5 29. Rb1 Rxd3 30. Kxd3 Bf5+ 31. Kd2 Qe2+ 32. Kc3 Qd3+ 33. Kb4 Qxb1 34. Qxb1 Bxb1 35. c6 Bf5 0-1

[Event "EU-ch U10 25th"]
[Site "Porec"]
[Date "2015.09.22"]
[Round "2"]
[White "Vaupot, Luka"]
[Black "Kozsik, Bende Barnabas"]
[Result "0-1"]
[WhiteElo "1114"]
[BlackElo "1736"]
[PlyCount "66"]
[EventDate "2015.09.21"]
[EventType "swiss"]
[EventRounds "9"]
[EventCountry "CRO"]
[SourceTitle "EXT 2016"]
[Source "ChessBase"]
[SourceDate "2015.10.08"]
[SourceVersion "1"]
[SourceVersionDate "2015.10.08"]
[SourceQuality "1"]

1. d4 Nf6 2. c4 g6 3. Nc3 d5 4. cxd5 Nxd5 5. e4 Nxc3 6. bxc3 Bg7 7. Nf3 c5 8. Bb2 Nc6 9. h3 0-0 10. Bc4 cxd4 11. cxd4 Qa5+ 12. Qd2 Qxd2+ 13. Kxd2 Rd8 14. Ke3 Nb4 15. Rad1 Bd7 16. Ng5 Bh6 17. h4 e6 18. d5 exd5 19. Bxd5 Nxd5+ 20. Rxd5 Bc6 21. Rdd1 Re8 22. f3 Bg7 23. Bxg7 Kxg7 24. h5 h6 25. Nh3 g5 26. Rd4 Re5 27. f4 Ra5 28. fxg5 hxg5 29. g4 Re8 30. Rf1 Ra3+ 31. Rd3 Rxd3+ 32. Kxd3 Bxe4+ 33. Ke3 Bg2+ 0-1

[Event "EU-ch U10 25th"]
[Site "Porec"]
[Date "2015.09.21"]
[Round "1"]
[White "Kozsik, Bende Barnabas"]
[Black "Malkoc, Patrik"]
[Result "1/2-1/2"]
[WhiteElo "1736"]
[BlackElo "1253"]
[PlyCount "54"]
[EventDate "2015.09.21"]
[EventType "swiss"]
[EventRounds "9"]
[EventCountry "CRO"]
[SourceTitle "EXT 2016"]
[Source "ChessBase"]
[SourceDate "2015.10.08"]
[SourceVersion "1"]
[SourceVersionDate "2015.10.08"]
[SourceQuality "1"]

1. e4 g6 2. d4 Bg7 3. Nc3 d6 4. Bc4 Nf6 5. Nge2 0-0 6. f4 Nxe4 7. Nxe4 d5 8. Bd3 dxe4 9. Bxe4 Nc6 10. c3 e6 11. Be3 Ne7 12. 0-0 Nd5 13. Qd2 Re8 14. Rad1 b5 15. Rf3 Bb7 16. Bf2 f5 17. Bc2 Nf6 18. Rh3 Qd5 19. Rg3 Qxa2 20. b3 Be4 21. Rc1 Bxc2 22. Qxc2 Qxc2 23. Rxc2 a5 24. c4 c6 25. Nc3 b4 26. Na4 Ne4 27. Rd3 Red8 1/2-1/2

[Event "HUN-ch U10"]
[Site "Balatonlelle"]
[Date "2015.06.24"]
[Round "9"]
[White "Kozsik, Bende Barnabas"]
[Black "Csiki, Endre"]
[Result "1/2-1/2"]
[WhiteElo "1639"]
[BlackElo "1766"]
[PlyCount "50"]
[EventDate "2015.06.18"]
[EventType "swiss"]
[EventRounds "9"]
[EventCountry "HUN"]
[SourceTitle "CBM 167 Extra"]
[Source "ChessBase"]
[SourceDate "2015.09.14"]
[SourceVersion "1"]
[SourceVersionDate "2015.09.14"]
[SourceQuality "1"]

1. b3 e5 2. Bb2 Nc6 3. e3 d6 4. Bb5 Bd7 5. Ne2 Nf6 6. Nbc3 a6 7. Bd3 Be7 8. a3 0-0 9. h4 d5 10. Ng3 e4 11. Be2 Bd6 12. Nh5 Nxh5 13. Bxh5 Be6 14. f4 f5 15. Be2 d4 16. Na2 Be7 17. g3 Bf6 18. Qb1 Qe7 19. 0-0 Rad8 20. Nc1 dxe3 21. dxe3 Qc5 22. Kf2 Bxb2 23. Qxb2 Ne7 24. c4 Rd7 25. Na2 Rfd8 1/2-1/2

[Event "HUN-ch U10"]
[Site "Balatonlelle"]
[Date "2015.06.22"]
[Round "6"]
[White "Kozsik, Bende Barnabas"]
[Black "Gombocz, Ferenc Jr"]
[Result "1-0"]
[WhiteElo "1639"]
[BlackElo "1725"]
[PlyCount "33"]
[EventDate "2015.06.18"]
[EventType "swiss"]
[EventRounds "9"]
[EventCountry "HUN"]
[SourceTitle "CBM 167 Extra"]
[Source "ChessBase"]
[SourceDate "2015.09.14"]
[SourceVersion "1"]
[SourceVersionDate "2015.09.14"]
[SourceQuality "1"]

1. e4 e5 2. Nc3 Nf6 3. f4 d5 4. fxe5 Nxe4 5. Qf3 f5 6. Nh3 Nc6 7. Bb5 Nxc3 8. dxc3 Bc5 9. Bg5 Be7 10. Bxe7 Kxe7 11. 0-0-0 Nxe5 12. Rhe1 Ke6 13. Rxd5 Qh4 14. Rexe5+ Kf6 15. Rxf5+ Ke7 16. Rfe5+ Be6 17. Rxe6+ 1-0